Responses for Show #8857 - Tuesday, April 25, 2023

Contestants

[<< previous game]

Johanna Stoberock, a fiction writer and adjunct professor from Walla Walla, Washington

Ian Marquand, a retired broadcaster and state medical board executive from Los Angeles, California

Dillon Hupp, a development director from North Little Rock, Arkansas (whose 1-day cash winnings total $21,999)

[next game >>]

Jeopardy! Round responses

THE CENTAUR OF ATTENTION
STATE NICKNAMES
THE NO-S PLURAL OF...
READING MUSIC
SHARPS & FLATS
BAR LINES
    $200 15
Hera

Dillon
    $200 1
Florida

Johanna
    $200 14
lice

Johanna
    $200 2
Tina Turner

Dillon
    $200 22
a pin

Dillon
    $200 16
(Ken: No more sound cues in this category, don't worry.)

Pabst Blue Ribbon

Dillon
    $400 27
Dionysus

Johanna
    $400 3
Pennsylvania

Johanna
    $400 13
cacti

Johanna
    $400 7
Elton John

Dillon
    $400 23
Flat Stanley

Dillon
    $400 17
schnapps

Dillon
    $600 28
Michelangelo

Dillon
    $600 4
"The Hawkeye State"

Dillon
    $600 12
formulae

Johanna
    $600 8
Morrissey

Ian
    $600 24
halibut

Dillon
    $600 18
a piƱa colada

Dillon
    $800 29
(Johanna: What is Alpha Centauri?)

Sagittarius

IanJohanna
    $800 5
(Ken: You beat Dillon to [*], yes.)

Arkansas

Johanna
    $800 11
emporia

Johanna
    $1,000 9
Billy Idol

Ian
    $800 25
Jericho

Dillon
    $800 19
tequila

Dillon
    $1000 30
Prometheus

Johanna
    $1000 6
North Dakota

Johanna
    $1000 10
(Johanna: What is opi?)

opera

Johanna
Triple Stumper
    $1000 21
Carrie Brownstein

Triple Stumper
    $1000 26
the Gorgons

Johanna
    $1000 20
Aperol

Dillon

Scores at the first commercial break (after clue 15):

Dillon Ian Johanna
$1,400 $1,600 $3,400

Scores at the end of the Jeopardy! Round:

Dillon Ian Johanna
$7,000 $2,400 $5,000

Double Jeopardy! Round responses

STATESMEN & WOMEN
11-LETTER WORDS
DOWNTOWN ABBEY
WRITERS: BORN & DIED
SEPARATION
LET'S SEE A MO-"V"
    $400 1
Merkel

Dillon
    $400 18
the accelerator

Dillon
    $400 22
Paris

Johanna
    $400 15
Hemingway

Dillon
    $400 16
solitary

Dillon
    $400 6
Vertigo

Ian
    $800 2
(Ian: What is Massachusetts?)
(Dillon: What is Kentucky?)

New Hampshire

DillonIan
Triple Stumper
    $800 27
a neckerchief

Ian
    $800 23
Westminster Abbey

Ian
    $800 14
Faulkner

Dillon
    $800 17
goats

Ian
    $800 7
(Ken: [After having read the clue with the relevant accent] Correct, that kind of got away from me.)
[Laughter]

Valley Girl

Johanna
    $1,600 3
Charles de Gaulle

Dillon
    $1200 28
the choirmaster

Triple Stumper
    $1200 24
Manila

Johanna
    $1200 13
Percy Bysshe Shelley

Johanna
    $1200 19
(Dillon: What is Jefferson City?)
(Ian: What is St. Louis?)

Kansas City (K.C.)

DillonIan
Triple Stumper
    $1200 8
Vengeance

Ian
    $1600 4
(Aung San) Suu Kyi

Ian
    $1600 29
a rangefinder

Dillon
    $3,000 25
Dublin

Johanna
    $1600 12
Joyce Kilmer

Triple Stumper
    $1600 20
a fillet knife

Triple Stumper
    $1600 9
The Verdict

Ian
    $2000 5
Frederick Douglass

Ian
    $2000 30
an appellation

Ian
    $2000 26
Trappists

Triple Stumper
    $2000 11
Sartre

Johanna
    $2000 21
underwriters

Triple Stumper
    $2000 10
Varsity Blues

Johanna

Scores at the end of the Double Jeopardy! Round:

Dillon Ian Johanna
$10,600 $11,600 $15,600

[wagering suggestions for these scores]

Final Jeopardy! Round responses

TV HISTORY
(Ken: [To Ian] Wow, I hadn't thought about Mannix in a while.)
...
(Ken: No, Magnum, P.I., you may recall, was shot in Hawaii and in fact they used the same Honolulu stage where [*] had been filmed; it even mentioned Steve McGarrett, the lead character for [*].)
DillonWhat is MASH?
$10,600
IanWhat is Mannix?
$11,000
JohannaWhat is M.A.S.H.?
$8,601
Hawaii Five-O

Final scores:

Dillon Ian Johanna
$0 $600 $6,999
3rd place: $1,000 2nd place: $2,000 New champion: $6,999

Game dynamics:

Coryat scores:

Dillon Ian Johanna
$10,200 $11,400 $14,200
21 R
(including 1 DD),
2 W
12 R
(including 1 DD),
2 W
18 R
(including 1 DD),
2 W

Combined Coryat: $35,800

[game clues] [game scores] [suggest correction]

Game tape date: 2023-02-08
The J! Archive is created by fans, for fans. Scraping, republication, monetization, and malicious use prohibited; this site may use cookies and collect identifying information. See terms. The Jeopardy! game show and all elements thereof, including but not limited to copyright and trademark thereto, are the property of Jeopardy Productions, Inc. and are protected under law. This website is not affiliated with, sponsored by, or operated by Jeopardy Productions, Inc. Join the discussion at JBoard.tv.